The non-aligned, the UN, and the superpowers
Αποθηκεύτηκε σε:
| Κύριος συγγραφέας: | |
|---|---|
| Μορφή: | Βιβλίο |
| Γλώσσα: | English |
| Δημοσίευση: |
New York :
Praeger,
1983.
|
| Θέματα: | |
| Ετικέτες: |
Προσθήκη ετικέτας
Δεν υπάρχουν, Καταχωρήστε ετικέτα πρώτοι!
|
MARC
| LEADER | 00000cam a2200000 a 4500 | ||
|---|---|---|---|
| 001 | 1/113620 | ||
| 008 | 170404s1983####nyu| ||| |||| ||eng|| | ||
| 020 | |a 0030625610 | ||
| 040 | |a GR-MyUa |b gre |c GR-MyUa |e AACR2 | ||
| 041 | 0 | |a eng | |
| 082 | 7 | |a 327.1716 |2 (23) | |
| 100 | 1 | |a Jackson, Richard L., |d 1939- | |
| 245 | 1 | 4 | |a The non-aligned, the UN, and the superpowers / |c Richard L. Jackson ; foreword by David D. Newsom. |
| 260 | |a New York : |b Praeger, |c 1983. | ||
| 300 | |a xx, 315 σ. ; |c 25 εκ. | ||
| 504 | |a Βιβλιογραφία: σ. 267-274. | ||
| 650 | 0 | |a Nonalignment. | |
| 651 | 0 | |a Developing countries |x Foreign relations. | |
| 852 | |a INST |b LESVOS |e 20170404 |h 327.1716 JAC |p 005100059051 |q 005100059051 |t BK |y 0 | ||
| 970 | |a Τζαφέρη |b Ευαγγελία |z 04-04-2017 | ||